书目信息 |
| 书名: | Speech in American society | |
| 作者: | [by] R. R. Allen [and] Sharol Anderson. Jere Hough, associate author; Earl S. Grow, contributing author. | |
| 分册号: | ||
| 分册名: | 出版地: | Columbus, Ohio : |
|
| 出版社: | C. E. Merrill Pub. Co | |
| 出版时间: | [1968]. | |
| 页数: | v, 519 p. : | |
| 开本: | 24 cm. | |
| 丛书名: | ||
| 中图分类号: | ||
| 科图分类号: | ||
| 其他分类号: | H317 | |
| 主题词: | ||
| 电子资源: | ||
| 000 | 00905cam a22002531 450 | |
| 001 | E0738249161 | |
| 005 | 20070303103816.48 | |
| 008 | 700706s1968 ohuac b 000 0 eng | |
| 010 | @a68003446 | |
| 035 | @A(DLC) 68003446 | |
| 040 | @aDLC@cDLC@dDLC | |
| 050 | 00 | @aPN4121@b.A57 |
| 082 | 00 | @a808.51 |
| 090 | @aH317 | |
| 099 | @dH317@ex1 | |
| 100 | 1 | @aAllen, R. R.@q(Ronald Royce),@d1930- |
| 245 | 10 | @aSpeech in American society / @c[by] R. R. Allen [and] Sharol Anderson. Jere Hough, associate author; Earl S. Grow, contributing author. |
| 260 | @aColumbus, Ohio :@bC. E. Merrill Pub. Co.,@c[1968]. | |
| 300 | @av, 519 p. :@billus. (part col.), ports. ;@c24 cm. | |
| 504 | @aIncludes bibliographical references. | |
| 650 | 0 | @aPublic speaking. |
| 700 | 1 | @aAnderson, Sharol,@ejoint author. |
| 906 | @a7@bcbc@corignew@du@encip@f19@gy-gencatlg | |
| 991 | @bc-GenColl@hPN4121@i.A57@tCopy 1@wBOOKS | |
| Speech in American society / / [by] R. R. Allen [and] Sharol Anderson. Jere Hough, associate author; Earl S. Grow, contributing author.-Columbus, Ohio : : C. E. Merrill Pub. Co., , [1968]. |
| v, 519 p. : : illus. (part col.), ports. ; ; 24 cm. |
| Includes bibliographical references. |
| ISBN |
| ● |
| 相关链接 |
|
|
|
|
正题名:Speech in American society
索取号:H317/x1
 
预约/预借
| 序号 | 登录号 | 条形码 | 馆藏地/架位号 | 状态 | 备注 |
| 1 | 78604 | 202459801 | 第二样本阅览室/ [索取号:H317/x1] | 在馆 |